| 000 | 01391nam a22002417a 4500 | ||
|---|---|---|---|
| 005 | 20170623153454.0 | ||
| 008 | 170623b xxu||||| |||| 00| 0 eng d | ||
| 020 | _a9717420874 | ||
| 050 | _aHV 1307 .P53 Y13 2003 | ||
| 082 | _a362.7609599 | ||
| 110 | _aPsychosocial Trauma & Human Rights Program Center for Integrative & Development Studies University of the Philippines and Save the Children (UK) Philippines | ||
| 245 |
_aEmerging good practices : a documentation of the experiences and learning of Save the Children UK's programme for abused and exploited children / _cPsychosocial Trauma and Human Rights Program Center for Integrative & Development Studies University of the Philippines and Save the Children (UK) Philippines. |
||
| 260 |
_aQuezon City : _bSC (UK) Philippines and UP CIDS PST, _c2003 |
||
| 300 |
_a167 p. : _billustrations ; _c22 cm. |
||
| 500 | _aIncludes bibliographical references. | ||
| 650 |
_2Library of Congress Subject Headings _aChildren _xInstitutional care _zPhilippines |
||
| 650 |
_2Library of Congress Subject Headings _aChild sexual abuse _zPhilippines |
||
| 650 |
_2Library of Congress Subject Headings _aChildren's rights |
||
| 650 |
_2Library of Congress Subject Headings _aChild welfare _zPhilippines |
||
| 650 |
_2Library of Congres Subject Headings _aChildren _xLaw and legislation _zPhilippines |
||
| 942 |
_2lcc _cBK |
||
| 999 |
_c335247 _d335247 |
||